00582nam a2200193Ia 4500003000500000008004100005020002200046040001900068082000700087100002100094245003300115260004700148300001000195365000900205546001200214942001600226999001700242952012900259STCL230729s9999 xx 000 0 und d a9789380748351qHB aSTCLcSTCLbEN 222 aGupta, Bhuvanesh 0aSocial work and human rights bMohit Books InternationalaNew Delhic2012 a278 p b1125 aEnglish 2DDCe22cBK c90903d90903 00102DDC4070aSTCALbSTCALcGENd2023-07-29l1m1o361.954 GUP-SpJ01645r2025-08-06 11:19:44s2025-03-12w2023-07-29yBK